000 00381nam a2200157Ia 4500
100 _aGovt. of Maharastra
650 _aGeneral
942 _cBK
654 _aPrivate School -Act 1981
245 _aMaharashtra Employees Of Private School-Rule 1981
260 _bDirector Of Printing
_aBombay
_c1981
082 _a371.2
_bMah
300 _a81
546 _aENGLISH
999 _c34907
_d34907